| 000 | 00851cab a2200241 4500 | ||
|---|---|---|---|
| 001 | ABS56078 | ||
| 008 | 090401t1996 xxu||||| |||| 00| 0 eng d | ||
| 035 | _a(Sirsi) u20975 | ||
| 041 | _aeng | ||
| 245 | _aKalra v SoS Environment and Waltham Forest LBC | ||
| 260 | _c1996 | ||
| 350 | _a0 | ||
| 490 |
_aProperty and Compensation Reports _v[1996] 72 P&CR 423-432(6) |
||
| 520 | _aCA 25 October 1995. Held, that a solicitors office could be qualified as class A2 or B1 under the Use Classes Order 1987. | ||
| 650 | _aKALRA V SOS ENVIRONMENT AND WALTHAM FOREST LBC | ||
| 650 | _aPEDESTRIAN FLOW TEST | ||
| 650 | _aSOLICITORS OFFICES | ||
| 650 | _aTOWN AND COUNTRY PLANNING ACT 1990 S288 | ||
| 650 | _aTOWN AND COUNTRY PLANNING (USE CLASSES) ORDER 1987 | ||
| 690 | _aPLANNING LAW AND PRACTICE-CASE LAW | ||
| 942 | _n0 | ||
| 948 | _c04/03/1997 | ||
| 999 |
_c14071 _d14071 |
||